The Christianisation of the Goa islands, 1510-1567. (Record no. 76795)

MARC details
000 -LEADER
fixed length control field 00756cam a22002411 4500
001 - CONTROL NUMBER
control field sa 67007791
003 - CONTROL NUMBER IDENTIFIER
control field DLC
005 - DATE AND TIME OF LATEST TRANSACTION
control field 20260227112418.0
008 - FIXED-LENGTH DATA ELEMENTS--GENERAL INFORMATION
fixed length control field 770706s1965 ii b b 000 0 eng
010 ## - LIBRARY OF CONGRESS CONTROL NUMBER
LC control number sa 67007791
035 ## - SYSTEM CONTROL NUMBER
System control number (OCoLC)3096438
040 ## - CATALOGING SOURCE
Original cataloging agency DLC
Transcribing agency MiGrC
Modifying agency DLC
042 ## - AUTHENTICATION CODE
Authentication code premarc
050 00 - LIBRARY OF CONGRESS CALL NUMBER
Classification number BX1647.G6
Item number D35
100 1# - MAIN ENTRY--PERSONAL NAME
Personal name D'Costa, Anthony.
245 14 - TITLE STATEMENT
Title The Christianisation of the Goa islands, 1510-1567.
260 ## - PUBLICATION, DISTRIBUTION, ETC.
Place of publication, distribution, etc. Bombay,
Date of publication, distribution, etc. 1965.
300 ## - PHYSICAL DESCRIPTION
Extent vi, 234 p.
Other physical details maps.
Dimensions 22 cm.
500 ## - GENERAL NOTE
General note "Originally presented as a thesis ... in the Faculty of Church History of the Gregorian University at Rome."
504 ## - BIBLIOGRAPHY, ETC. NOTE
Bibliography, etc. note Bibliography : p. 201-207.
651 #0 - SUBJECT ADDED ENTRY--GEOGRAPHIC NAME
Geographic name Goa
General subdivision Church history.
610 20 - SUBJECT ADDED ENTRY--CORPORATE NAME
Corporate name or jurisdiction name as entry element Catholic Church
Geographic subdivision India
-- Velha Goa.

No items available.

Powered by Koha